Electric motors-(E-BOOK) (Record no. 191329)
[ view plain ]
| 000 -LEADER | |
|---|---|
| fixed length control field | 00508 a2200205 4500 |
| 003 - CONTROL NUMBER IDENTIFIER | |
| control field | Nust |
| 005 - DATE AND TIME OF LATEST TRANSACTION | |
| control field | 20170207154014.0 |
| 020 ## - INTERNATIONAL STANDARD BOOK NUMBER | |
| International Standard Book Number | 1-85486-246-4 |
| 020 ## - INTERNATIONAL STANDARD BOOK NUMBER | |
| International Standard Book Number | 978-1-85486-246-4 |
| 035 ## - SYSTEM CONTROL NUMBER | |
| System control number | (Mo)b1640374 |
| 040 ## - CATALOGING SOURCE | |
| Transcribing agency | Nust |
| 082 04 - DEWEY DECIMAL CLASSIFICATION NUMBER | |
| Classification number | 621.46 |
| 100 1# - MAIN ENTRY--PERSONAL NAME | |
| Personal name | Cox, Jim |
| 245 10 - TITLE STATEMENT | |
| Title | Electric motors-(E-BOOK) |
| Statement of responsibility, etc. | Jim Cox |
| 250 ## - EDITION STATEMENT | |
| Edition statement | 2. ed. |
| 260 ## - PUBLICATION, DISTRIBUTION, ETC. | |
| Place of publication, distribution, etc. | Poole, Dorset : |
| Name of publisher, distributor, etc. | Special Interest Model Books, |
| Date of publication, distribution, etc. | 2006 |
| 300 ## - PHYSICAL DESCRIPTION | |
| Extent | 152 s. : |
| Other physical details | ill. ; |
| Dimensions | 21 cm |
| 440 #0 - SERIES STATEMENT/ADDED ENTRY--TITLE | |
| Title | Workshop practice series ; |
| Volume/sequential designation | 16 |
| 655 #4 - INDEX TERM--GENRE/FORM | |
| Genre/form data or focus term | Bok |
| 942 ## - ADDED ENTRY ELEMENTS (KOHA) | |
| Source of classification or shelving scheme | |
| Koha item type | Book |
| Withdrawn status | Lost status | Source of classification or shelving scheme | Damaged status | Not for loan | Collection code | Permanent Location | Current Location | Date acquired | Total Checkouts | Full call number | Barcode | Date last seen | Price effective from | Koha item type |
|---|---|---|---|---|---|---|---|---|---|---|---|---|---|---|
| Military College of Signals (MCS) | Military College of Signals (MCS) | 12/12/2016 | 621.46 COX | MCSEB-721 | 12/08/2016 | 12/12/2016 | Book |
